| 000 | 00343nam a2200133 a 4500 | ||
|---|---|---|---|
| 001 | 4039 | ||
| 003 | CDMR | ||
| 005 | 20130116135251.0 | ||
| 008 | 130130s2005||||||||||||||||||||||||||||d | ||
| 040 |
_aCDMR _bcat _cCDMR |
||
| 245 | 0 |
_aAnuario 2004 _bI. De los temas y sus protagonistas |
|
| 260 |
_aBarcelona _c2005 _bDifusora Internacional |
||
| 942 | _cMON | ||
| 999 |
_c4039 _d4039 |
||